[Event "Wielkopolska III Liga Juniorow 2016"]
[Site "Gniezno"]
[Date "1899-12-30"]
[Round "3.5"]
[White "Andrzejewska, Maja"]
[Black "Wawrzyniak, Weronika"]
[Result "0-1"]
[WhiteTitle "II"]
[BlackTitle "I"]
[WhiteElo "1295"]
[BlackElo "1315"]

1. e4 c5 2. Nf3 e6 3. d4 cxd4 4. Nxd4 a6 5. a3 Nf6 6. Bd3 Qc7 7. Nc3 Nc6 8. Be3
Be7 9. O-O O-O 10. Nce2 b5 11. b4 Bb7 12. f3 d5 13. Nxc6 Bxc6 14. Ng3 dxe4 15.
Nxe4 Nxe4 16. fxe4 Rfd8 17. Qg4 Bf6 18. Rad1 Bd4 19. Bxd4 Rxd4 20. c3 Rdd8 21.
Qe2 Qb6+ 22. Qf2 Qb7 23. Qe2 g6 24. Rfe1 Rac8 25. c4 bxc4 26. Bxc4 Bb5 27. Bxb5
Qxb5 28. Rxd8+ Rxd8 29. Qxb5 axb5 30. Re3 Ra8 31. Kf2 Kg7 32. Kf3 e5 33. h4 h5
34. g4 f6 35. Rc3 Ra7 36. gxh5 gxh5 37. Ke2 Kh7 38. Rg3 Rc7 39. Kd2 Rc4 40. Re3
Kg6 41. Rg3+ Kf7 42. Kd3 Rd4+ 43. Ke3 Rc4 44. Kd3 Rc1 45. Rh3 Rf1 46. Ke2 Rf4
47. Ke3 Ke6 48. Rh1 f5 49. exf5+ Kxf5 50. Ra1 Rxh4 51. a4 bxa4 52. Rxa4 Rh3+ 53.
Kf2 Rb3 54. Kg2 h4 55. b5 e4 56. b6 Rxb6 57. Kh3 Rh6 58. Ra1 Kf4 59. Rf1+ Ke3
60. Ra1 Kf3 61. Kh2 e3 62. Ra3 Kf2 63. Ra2+ e2 64. Kh3 Kf1 65. Ra1+ e1=Q 66. Rxe1+
Kxe1 67. Kg2 Rf6 68. Kh2 Kf2 69. Kh3 Rg6 70. Kh2 h3 71. Kxh3 Kf3 72. Kh4 Kf4 73.
Kh5 Rg2 74. Kh6 Kf5 75. Kh7 Kf6 76. Kh8 Kf7 77. Kh7 Rh2# 0-1

[Event "Wielkopolska III Liga Juniorow 2016"]
[Site "Gniezno"]
[Date "1899-12-30"]
[Round "3.6"]
[White "Kubasik, Aleksandra"]
[Black "Roszkiewicz, Zofia"]
[Result "1-0"]
[WhiteTitle "II"]
[BlackTitle "II"]
[WhiteElo "1153"]
[BlackElo "1011"]

1. e4 c5 2. Nf3 Nc6 3. d4 cxd4 4. Nxd4 Nf6 5. Nc3 e5 6. Nf3 Bc5 7. Bc4 O-O 8. O-O
Be7 9. Re1 Qe8 10. Nb5 Qd8 11. Nd6 a6 12. a4 Ne8 13. Nf5 d6 14. Nxe7+ Qxe7 15.
Bg5 Qd7 16. Qd2 Kh8 17. Be3 Nf6 18. Bb6 Qe7 19. h3 Be6 20. Bxe6 Qxe6 21. Rad1
Ne8 22. Ng5 Qg6 23. Nf3 f5 24. exf5 Rxf5 25. Nh4 Qf6 26. Nxf5 Qxf5 27. Re3 Nb4
28. Rf3 Qxf3 29. gxf3 Nc6 30. f4 exf4 31. Qxf4 Nf6 32. Rxd6 Re8 33. Kg2 Re4 34.
Qd2 h6 35. c3 Re5 36. Qd3 Rg5+ 37. Kf1 Ne5 38. Rd8+ Ne8 39. Rxe8# 1-0

[Event "Wielkopolska III Liga Juniorow 2016"]
[Site "Gniezno"]
[Date "1899-12-30"]
[Round "3.7"]
[White "Lapot, Arkadiusz"]
[Black "Kus, Aleksander"]
[Result "0-1"]
[WhiteTitle "II"]
[BlackTitle "I"]
[WhiteElo "1417"]
[BlackElo "1873"]

1. f4 d5 2. Nf3 g6 3. e3 Bg7 4. d4 Nf6 5. Bd3 O-O 6. O-O b6 7. Ne5 Bb7 8. Qf3 c5
9. Nd2 Nbd7 10. b3 Qc7 11. Bb5 a6 12. Bxd7 Nxd7 13. Nxd7 Qxd7 14. c3 Rac8 15.
Qd1 cxd4 16. cxd4 Rc3 17. Nf3 Rfc8 18. Rf2 f6 19. Qd2 Qf5 20. Qe1 a5 21. Bb2 Rc2
22. Rc1 Rxc1 23. Bxc1 Qb1 24. Ba3 Qe4 25. Qd2 Ba6 26. g3 Bf8 27. Qe1 e6 28. Bxf8
Kxf8 29. Nd2 Qd3 30. Rf1 Rc2 31. Rf2 Qc3 32. Rf1 Qxd2 0-1

[Event "Wielkopolska III Liga Juniorow 2016"]
[Site "Gniezno"]
[Date "1899-12-30"]
[Round "3.12"]
[White "Grochot, Klara"]
[Black "Majdecka, Nikola"]
[Result "0-1"]
[WhiteTitle "II"]
[BlackTitle "III"]
[WhiteElo "1027"]
[BlackElo "1039"]

1. e4 e5 2. Nf3 Nc6 3. Bb5 Nf6 4. Nc3 Bc5 5. d3 a6 6. Bc4 O-O 7. Bg5 h6 8. Bh4
d6 9. Nd5 g5 10. Nxg5 Nxd5 11. exd5 hxg5 12. dxc6 gxh4 13. cxb7 Bxb7 14. Qg4+
Kh8 15. Qh5+ Kg7 16. Qg4+ Kh8 17. d4 Bxd4 18. c3 Ba7 19. Bd3 Rg8 20. Qf5 Rg7 21.
Rg1 Qg5 22. g3 Qxf5 23. Bxf5 Bc8 24. Be4 Rb8 25. b4 c5 26. bxc5 Bxc5 27. Ke2 Rb2+
28. Kd3 Bxf2 29. Rg2 h3 30. Rxf2 Rxf2 31. Rb1 Bf5 32. Rb8+ Kh7 33. Bxf5+ Rxf5
34. Rb6 Rf2 35. Rxd6 Rxh2 36. Ke3 Rxg3+ 37. Ke4 Re2+ 38. Kf5 Rf3+ 39. Kg5 Rg2+
40. Kh4 h2 41. Rd1 Rg1 42. Rxg1 hxg1=Q 43. c4 Rf2 44. c5 Rh2# 0-1

[Event "Wielkopolska III Liga Juniorow 2016"]
[Site "Gniezno"]
[Date "1899-12-30"]
[Round "3.13"]
[White "Niezgodka, Adam"]
[Black "Walkowski, Milosz"]
[Result "1/2-1/2"]
[WhiteTitle "II"]
[BlackTitle "I"]
[WhiteElo "1627"]
[BlackElo "1694"]

1. d4 Nf6 2. c4 e6 3. Bg5 b6 4. Nc3 Ba6 5. e4 d6 6. Bd3 Be7 7. Be3 O-O 8. f3 Nbd7
9. Nge2 c5 10. O-O cxd4 11. Nxd4 Rc8 12. Ncb5 Nc5 13. Be2 Bxb5 14. cxb5 Qd7 15.
Nc6 Ra8 16. Rc1 Rfc8 17. Bxc5 bxc5 18. Rxc5 dxc5 19. Qxd7 Nxd7 20. Nxe7+ Kf8 21.
Nxc8 Rxc8 22. Rd1 Ke7 23. Kf2 Nb6 24. b3 Nd7 25. Ke3 Rb8 26. Rc1 Kd6 27. f4 f6
28. g4 1/2-1/2

[Event "Wielkopolska III Liga Juniorow 2016"]
[Site "Gniezno"]
[Date "1899-12-30"]
[Round "3.14"]
[White "Walkowski, Jonasz"]
[Black "Pabiszczak, Nikodem"]
[Result "1/2-1/2"]
[WhiteTitle "II"]
[BlackTitle "II"]
[WhiteElo "1497"]
[BlackElo "1281"]

1. Nf3 Nc6 2. e3 d6 3. b3 e5 4. Bb2 Bg4 5. Be2 Bxf3 6. Bxf3 d5 7. O-O Qd7 8. Be2
Bd6 9. f4 Nf6 10. Bb5 e4 11. Bxc6 bxc6 12. Nc3 Qg4 13. Qxg4 Nxg4 14. h3 Nh6 15.
Ne2 Rg8 16. g4 g6 17. Kf2 f5 18. g5 Nf7 19. h4 Kd7 20. Rh1 h5 21. gxh6 Nxh6 22.
Rag1 Ng4+ 23. Ke1 c5 24. h5 gxh5 25. Rxh5 Raf8 26. Rgh1 Kc8 27. R1h3 Kd7 28. c4
c6 29. Rh7+ Be7 30. cxd5 cxd5 31. Nc3 Nf6 32. R7h6 Rg1+ 33. Ke2 1/2-1/2

[Event "Wielkopolska III Liga Juniorow 2016"]
[Site "Gniezno"]
[Date "1899-12-30"]
[Round "3.15"]
[White "Jedras, Adrianna"]
[Black "Lorenz, Rafal"]
[Result "1/2-1/2"]
[WhiteTitle "I"]
[BlackTitle "II"]
[WhiteElo "1277"]
[BlackElo "1266"]

1. e4 e5 2. Nf3 Nc6 3. d4 exd4 4. Nxd4 Qf6 5. Be3 Bc5 6. c3 Nge7 7. g3 O-O 8. Bg2
Nxd4 9. Bxd4 Bxd4 10. Qxd4 Qxd4 11. cxd4 Nc6 12. O-O Nxd4 13. Nc3 c6 14. Rad1
Ne6 15. f4 Rd8 16. Rfe1 a5 17. e5 Nc5 18. Kf2 Kf8 19. Rd6 Re8 20. Rd4 Rd8 21.
Rd6 Re8 22. Rd4 Ra7 23. Red1 b6 24. Ne4 Nxe4+ 25. Bxe4 h6 1/2-1/2

[Event "Wielkopolska III Liga Juniorow 2016"]
[Site "Gniezno"]
[Date "1899-12-30"]
[Round "3.19"]
[White "Golinski, Kacper"]
[Black "Raczynski, Krzysztof"]
[Result "0-1"]
[WhiteTitle "II"]
[BlackTitle "I++"]
[WhiteElo "1481"]
[BlackElo "2088"]

1. Nf3 Nf6 2. g3 g6 3. Bg2 Bg7 4. O-O O-O 5. c4 d6 6. d4 Nc6 7. Nc3 a6 8. e4 Rb8
9. Nh4 Nd7 10. d5 Na5 11. Qa4 c6 12. Bd2 Nc5 13. Qb4 Nd3 14. Qa4 Nxb2 15. Qc2
Nbxc4 16. dxc6 Nxd2 17. Qxd2 Nxc6 18. Rac1 Qa5 19. Qe3 Be6 20. Kh1 Bc4 21. Rfd1
b5 22. f4 Rfc8 23. f5 Ne5 24. Nf3 Qb6 25. Qg5 Bf6 26. Qh6 Ng4 27. Qd2 Nf2+ 0-1

[Event "Wielkopolska III Liga Juniorow 2016"]
[Site "Gniezno"]
[Date "1899-12-30"]
[Round "3.20"]
[White "Zurawski, Kamil"]
[Black "Markiewicz, Krzysztof"]
[Result "1-0"]
[WhiteTitle "I"]
[BlackTitle "II"]
[WhiteElo "1673"]
[BlackElo "1355"]

1. e4 c5 2. Nc3 d6 3. f4 Nf6 4. Nf3 g6 5. Bc4 Bg7 6. O-O a6 7. a4 Nc6 8. d3 O-O
9. Qe1 Nb4 10. Qh4 Nxc2 11. Rb1 Rb8 12. f5 gxf5 13. Bh6 Bxh6 14. Qxh6 Be6 15.
Ng5 Bxc4 16. Rxf5 Be6 17. Rxf6 exf6 18. Qxh7# 1-0

[Event "Wielkopolska III Liga Juniorow 2016"]
[Site "Gniezno"]
[Date "1899-12-30"]
[Round "3.21"]
[White "Matloka, Milosz"]
[Black "Kaminski, Antoni"]
[Result "1-0"]
[WhiteTitle "II"]
[BlackTitle "II"]
[WhiteElo "1355"]
[BlackElo "1537"]

1. e4 c5 2. Nf3 g6 3. d4 cxd4 4. Nxd4 Nc6 5. Nc3 Bg7 6. Be3 Nf6 7. f3 O-O 8. Qd2
a6 9. O-O-O d6 10. g4 Bd7 11. h4 h5 12. gxh5 Nxh5 13. Nxc6 Bxc6 14. Bh3 Bd7 15.
Rdg1 Bxh3 16. Rxh3 Qa5 17. Bd4 e5 18. Be3 Kh7 19. Qxd6 Bh6 20. Bxh6 Kxh6 21. Qd5
Qb6 22. Qd2+ Kh7 23. Rhh1 Rac8 24. Nd5 Qc5 25. c3 Rfd8 26. Qe3 Qa5 27. a3 b5 28.
Qg5 Rd6 29. Qxe5 Re6 30. Qh2 Qd8 31. Qg2 a5 32. Kb1 Rc4 33. Qg5 Qd6 34. Rd1 Qg3
35. Qxg3 Nxg3 36. Rhg1 Nh5 37. Rd4 Rc8 38. Rgd1 Ng7 39. Kc2 f5 40. Nf4 Re5 41.
Rd5 Rxd5 42. Rxd5 fxe4 43. fxe4 Rc4 44. Rd4 Rc5 45. Rd5 Rxd5 46. exd5 Nf5 47.
Kd3 Kg7 48. Ng2 Kf6 49. c4 bxc4+ 50. Kxc4 Nd6+ 51. Kc5 Ne4+ 52. Kb5 Ke5 1-0

[Event "Wielkopolska III Liga Juniorow 2016"]
[Site "Gniezno"]
[Date "1899-12-30"]
[Round "3.22"]
[White "Lepski, Maksymilian"]
[Black "Matuszewski, Bartosz"]
[Result "1-0"]
[WhiteTitle "II"]
[BlackTitle "II"]
[WhiteElo "1411"]
[BlackElo "1242"]

1. d4 d5 2. c4 c6 3. Nc3 e6 4. Nf3 Nf6 5. e3 Nbd7 6. Bd2 Bb4 7. Bd3 O-O 8. O-O
Re8 9. Nxd5 Nxd5 10. cxd5 exd5 11. Bxb4 Nf6 12. Qc2 Ne4 13. Nd2 Nf6 14. Nf3 Ne4
15. Ne5 Nf6 16. Rac1 g6 17. Rfe1 Nd7 18. f4 a5 19. Ba3 Nxe5 20. fxe5 Qb6 21. Qf2
Qd8 22. Rf1 Be6 23. Qf6 Qxf6 24. Rxf6 Rac8 25. Bd6 Kg7 26. Rc3 Red8 27. Rf1 Rd7
28. h3 h5 29. Rc5 b6 30. Rc3 Ra7 31. Rfc1 Bd7 32. e4 Raa8 33. exd5 cxd5 34. Rxc8
Rxc8 35. Rxc8 Bxc8 36. Bc7 Bd7 37. Bxb6 a4 38. Kf2 f6 39. Bc7 fxe5 40. Bxe5+ Kf7
41. Ke3 g5 42. Be2 Kg6 43. b4 axb3 44. axb3 Bc6 45. b4 Bb7 46. h4 Bc6 47. b5 Bb7
48. Bd3+ Kh6 49. Bf6 gxh4 50. Kf4 Bc8 51. Bf5 Bb7 52. Bd7 Kg6 53. Bxh4 Kf7 54.
Bc6 Bxc6 55. bxc6 Ke6 56. c7 Kd7 57. Ke5 Kxc7 58. Kxd5 Kd7 59. Ke5 Kc7 60. d5
Kd7 61. d6 Kc8 62. Ke6 Kb7 63. d7 Kc7 64. d8=Q+ Kb7 65. Kd6 Ka7 66. Kc6 Ka6 67.
Qa8# 1-0

[Event "Wielkopolska III Liga Juniorow 2016"]
[Site "Gniezno"]
[Date "1899-12-30"]
[Round "3.23"]
[White "Dixa, Joanna"]
[Black "Nawrocka, Edyta"]
[Result "1/2-1/2"]
[WhiteTitle "II"]
[BlackTitle "II"]
[WhiteElo "1234"]
[BlackElo "1115"]

1. e4 e5 2. Nf3 Nc6 3. d4 d5 4. Nc3 Bb4 5. exd5 Qxd5 6. Bd2 Qd6 7. dxe5 Nxe5 8.
Nxe5 Qxe5+ 9. Qe2 Qxe2+ 10. Bxe2 Bf5 11. O-O-O O-O-O 12. Rhe1 Nf6 13. Bc4 Bg6
14. a3 Bc5 15. Be3 Bb6 16. Bxb6 axb6 17. Rxd8+ Rxd8 18. h3 h5 19. Re7 Rd7 20.
Rxd7 Kxd7 21. Kd2 Kd6 22. Ne2 Ne4+ 23. Ke3 Ng5 24. Bd3 Bxd3 25. Kxd3 Ne6 26. Ke3
Ke5 27. g3 f5 28. f4+ Kd5 29. Nc3+ Kc4 30. Ne2 c5 31. h4 Nc7 32. Nc3 g6 33. a4
b5 34. axb5 Nxb5 35. Nxb5 Kxb5 36. Kd3 Kb4 37. Ke3 Kc4 38. Ke2 b5 39. Ke3 b4 40.
Kd2 Kd5 41. Kd3 c4+ 42. Ke3 c3 43. b3 Kc5 44. Kd3 Kd5 1/2-1/2

[Event "Wielkopolska III Liga Juniorow 2016"]
[Site "Gniezno"]
[Date "1899-12-30"]
[Round "3.25"]
[White "Ciesinska, Weronika"]
[Black "Skrzypczak, Edyta"]
[Result "1-0"]
[WhiteTitle "I"]
[BlackTitle "II+"]
[WhiteElo "1697"]
[BlackElo "1566"]

1. e4 a6 2. d4 b5 3. Nf3 Bb7 4. Bd3 Nf6 5. Qe2 e6 6. O-O Be7 7. c3 O-O 8. Nbd2
d6 9. Rd1 Nbd7 10. Nf1 h6 11. Bc2 c5 12. Ng3 Qc7 13. Be3 Nb6 14. Rac1 Nc4 15.
Bd3 Nxe3 16. Qxe3 Rac8 17. c4 b4 18. b3 a5 19. d5 Nd7 20. Ne2 exd5 21. exd5 Bf6
22. Qd2 Rce8 23. Qc2 Ne5 24. Nxe5 Bxe5 25. Re1 Bc8 26. Bf5 Bd7 27. Ng3 Bc3 28.
Re4 Bxf5 29. Nxf5 Qd8 30. Ng3 Qf6 31. h3 Qg5 32. Rd1 f5 33. Rxe8 Rxe8 34. Qxf5
Qe7 35. Qe6+ Qxe6 36. dxe6 Rxe6 37. Nf5 Be5 38. g3 g5 39. Ne3 Bd4 40. Nf5 Be5
41. h4 Kf7 42. hxg5 hxg5 43. Kg2 Rf6 44. g4 Re6 45. Rh1 Kg8 46. Rh5 Bf4 47. Kf3
Bc1 48. Rh6 Rxh6 49. Nxh6+ Kf8 50. Ke4 Ke7 51. Kf5 Kf8 52. Ke6 Bf4 53. Nf5 Ke8
54. Nxd6+ Kd8 55. Nb7+ Kc7 56. Nxc5 Kc6 57. Ne4 Bc1 58. Kf5 Kb6 59. Nxg5 a4 60.
Ne4 axb3 61. axb3 1-0

[Event "Wielkopolska III Liga Juniorow 2016"]
[Site "Gniezno"]
[Date "1899-12-30"]
[Round "3.26"]
[White "Rosenfeld, Noe"]
[Black "Kaluzny, Jan"]
[Result "0-1"]
[WhiteTitle "II"]
[BlackTitle "II"]
[WhiteElo "1273"]
[BlackElo "1425"]

1. e4 c5 2. Nc3 Nc6 3. f4 d6 4. Nf3 Nf6 5. Bc4 e6 6. d3 Be7 7. Bd2 O-O 8. h3 Bd7
9. g4 a6 10. a4 Nd4 11. g5 Ne8 12. Be3 b5 13. axb5 axb5 14. Rxa8 Qxa8 15. Bb3
Nxb3 16. cxb3 Bc6 17. Bf2 d5 18. Qe2 b4 19. exd5 Bxd5 20. Ne4 Nd6 21. Bxc5 Nxe4
22. dxe4 Bxe4 23. Bxe7 Bxf3 24. Qh2 Bxh1 25. Bxf8 Kxf8 26. Qe2 Qe4 27. Qxe4 Bxe4
28. Ke2 Ke7 29. Ke3 Bd5 30. Kd4 Kd6 0-1

[Event "Wielkopolska III Liga Juniorow 2016"]
[Site "Gniezno"]
[Date "1899-12-30"]
[Round "3.28"]
[White "Kubiak, Aleksandra"]
[Black "Lesien, Tymoteusz"]
[Result "1-0"]
[WhiteTitle "II"]
[BlackTitle "II"]
[WhiteElo "1267"]
[BlackElo "1011"]

1. e4 c5 2. Bc4 e6 3. Nc3 Nf6 4. f4 g6 5. Nf3 d6 6. O-O Bg7 7. d3 O-O 8. Qe1 Nc6
9. Ng5 b6 10. Qh4 Nh5 11. g4 Nf6 12. e5 h6 13. exf6 hxg5 14. fxg5 Bh8 15. Rf3
Nd4 16. Rh3 Nf3+ 17. Rxf3 Bxf6 18. gxf6 Qxf6 19. Qxf6 d5 20. Bh6 dxc4 21. Qg7#
1-0

[Event "Wielkopolska III Liga Juniorow 2016"]
[Site "Gniezno"]
[Date "1899-12-30"]
[Round "3.29"]
[White "Walkowiak, Bogumila"]
[Black "Waszkowiak, Kinga"]
[Result "1-0"]
[WhiteTitle "II"]
[BlackTitle "III"]
[WhiteElo "1337"]
[BlackElo "1022"]

1. e4 a6 2. d4 b5 3. Be3 Bb7 4. f3 Nf6 5. c4 bxc4 6. Bxc4 e6 7. Nc3 Be7 8. Bb3
d6 9. Nge2 Nbd7 10. O-O O-O 11. Rc1 Rc8 12. Kh1 c5 13. dxc5 Nxc5 14. Bxc5 Rxc5
15. Qd3 Qa5 16. Na4 Rxc1 17. Rxc1 d5 18. exd5 Nxd5 19. Bxd5 Bxd5 20. b3 Rd8 21.
Qc3 Qxc3 22. Naxc3 Kf8 23. Kg1 Bc5+ 24. Kf1 Ke7 25. Nxd5+ Rxd5 26. Ng3 Bd6 27.
Ke2 f5 28. Rd1 Rxd1 29. Kxd1 Bxg3 30. hxg3 Kd6 31. Kd2 Kd5 32. Kd3 e5 33. b4 g5
34. a4 e4+ 35. fxe4+ fxe4+ 36. Ke3 Kc4 37. b5 axb5 38. axb5 Kxb5 39. Kxe4 Kc4
40. Kf5 h6 41. Kg6 Kd4 42. Kxh6 Ke3 43. Kxg5 Kf2 44. Kh4 Ke3 45. Kg5 Ke4 46. Kf6
Ke3 47. g4 Kf4 48. g5 1-0

[Event "Wielkopolska III Liga Juniorow 2016"]
[Site "Gniezno"]
[Date "1899-12-30"]
[Round "3.30"]
[White "Nowak, Roksana"]
[Black "Miranowska, Anna"]
[Result "1/2-1/2"]
[WhiteTitle "II+"]
[BlackTitle "II"]
[WhiteElo "1258"]
[BlackElo "1089"]

1. e4 c6 2. d4 d5 3. e5 Bf5 4. g4 Bg6 5. Nc3 e6 6. Be3 Ne7 7. Nge2 Nd7 8. Nf4 c5
9. Bb5 Nc6 10. Bxc6 bxc6 11. Nxg6 hxg6 12. Qd2 cxd4 13. Bxd4 c5 14. Be3 d4 15.
Bf4 dxc3 16. Qxc3 Qb6 17. O-O-O Qb4 18. Qe3 Rb8 19. b3 a5 20. Kb1 a4 21. Qd3 Qb5
22. c4 Qb7 23. Rhe1 axb3 24. Qxb3 Qxb3+ 25. axb3 Rxb3+ 26. Kc2 Rb7 27. Kc3 Rh3+
28. Bg3 Be7 29. Kc2 Bh4 30. Ra1 Bxg3 31. hxg3 Rh2 32. Re2 Nb6 33. Kc3 Kd7 34.
Rd1+ Ke7 35. Ra2 Rd7 36. Rb1 Nc8 37. Rb5 Ra7 38. Rxa7+ Nxa7 39. Rb7+ Ke8 40. Rxa7
Rxf2 41. Ra8+ Kd7 42. Ra7+ Kc6 43. Ra6+ Kb7 44. Rd6 Rf3+ 45. Rd3 Rxd3+ 46. Kxd3
Kc6 47. g5 Kd7 48. g4 Ke7 49. Ke4 f6 50. Ke3 fxe5 51. Ke4 Kd6 52. Ke3 e4 53. Kxe4
Kc6 54. Ke5 Kd7 55. Ke4 Kd6 56. Kd3 Ke5 57. Ke3 Kd6 58. Ke4 e5 59. Ke3 Ke6 60.
Ke4 Kd6 61. Ke3 Ke6 62. Ke4 Kd6 63. Ke3 Ke7 64. Ke4 Ke6 65. Ke3 Ke7 66. Ke4 Kd6
67. Ke3 1/2-1/2

[Event "Wielkopolska III Liga Juniorow 2016"]
[Site "Gniezno"]
[Date "1899-12-30"]
[Round "4.2"]
[White "Skrzypczak, Edyta"]
[Black "Janiszewski, Filip"]
[Result "0-1"]
[WhiteTitle "II+"]
[BlackTitle "I"]
[WhiteElo "1566"]
[BlackElo "1922"]

1. d4 Nf6 2. e3 g6 3. Bd3 Bg7 4. f4 d5 5. Nf3 c5 6. c3 O-O 7. O-O b6 8. Nbd2 Ba6
9. Qe2 Bxd3 10. Qxd3 Nc6 11. Ne5 Qc7 12. Ndf3 e6 13. Qe2 Ne7 14. Bd2 Ne4 15. Be1
a6 16. g4 f6 17. Nd3 Nc6 18. Nd2 e5 19. dxc5 Nxc5 20. Nxc5 bxc5 21. Bg3 Qb6 22.
Rab1 Kh8 23. f5 e4 24. Nb3 Rad8 25. Rbd1 a5 26. Bf2 a4 27. Na1 Rfe8 28. b3 Ne5
29. Kh1 Nd3 30. Rg1 g5 31. h3 Bf8 32. Rxd3 exd3 33. Qxd3 Qc6 34. Kh2 axb3 35.
axb3 Ra8 36. Qd2 Bd6+ 37. Bg3 Bxg3+ 38. Kxg3 Qd6+ 39. Kf3 Qe5 40. Re1 Re7 41.
Re2 Rxa1 0-1

[Event "Wielkopolska III Liga Juniorow 2016"]
[Site "Gniezno"]
[Date "1899-12-30"]
[Round "4.3"]
[White "Skurniak, Szymon"]
[Black "Rosenfeld, Noe"]
[Result "1-0"]
[WhiteTitle "I"]
[BlackTitle "II"]
[WhiteElo "1630"]
[BlackElo "1273"]

1. e4 e5 2. Nf3 Nc6 3. Nc3 Bc5 4. Nxe5 Bxf2+ 5. Kxf2 Nxe5 6. d4 Nc6 7. Be3 d6 8.
Bc4 Qh4+ 9. g3 Qe7 10. Nd5 Qd7 11. Qf3 Nge7 12. Rhf1 O-O 13. Kg1 Nxd5 14. Bxd5
Nb4 15. Bb3 a5 16. c3 Nc6 17. Rf2 a4 18. Bd5 Na5 19. Raf1 h6 20. Bxf7+ Rxf7 21.
Qxf7+ Qxf7 22. Rxf7 Bh3 23. R1f4 c6 24. Re7 b6 25. Rff7 Nc4 26. Rxg7+ Kf8 27.
Bxh6 1-0

[Event "Wielkopolska III Liga Juniorow 2016"]
[Site "Gniezno"]
[Date "1899-12-30"]
[Round "4.4"]
[White "Olszewski, Dawid"]
[Black "Ochedzan, Tymon"]
[Result "0-1"]
[WhiteTitle "III"]
[BlackTitle "II+"]
[WhiteElo "1179"]
[BlackElo "1589"]

1. e4 c5 2. Nc3 Nc6 3. Bc4 e6 4. d3 a6 5. a4 g6 6. f4 Bg7 7. Nf3 d6 8. O-O Nge7
9. Qe2 Nd4 10. Nxd4 cxd4 11. Nd1 O-O 12. c3 Nc6 13. Bd2 h5 14. b4 dxc3 15. Nxc3
Nxb4 16. Rab1 Nc6 17. Na2 d5 18. Bb3 Nd4 19. Qe3 dxe4 20. dxe4 Nxb3 21. Rxb3 Bd4
22. Qxd4 Qxd4+ 23. Be3 Qxa4 24. Rb2 Qxe4 25. Re1 b5 26. Bf2 Qxf4 0-1

[Event "Wielkopolska III Liga Juniorow 2016"]
[Site "Gniezno"]
[Date "1899-12-30"]
[Round "4.5"]
[White "Wawrzyniak, Weronika"]
[Black "Nowak, Roksana"]
[Result "0-1"]
[WhiteTitle "I"]
[BlackTitle "II+"]
[WhiteElo "1315"]
[BlackElo "1258"]

1. e4 e5 2. Nf3 Nc6 3. Bb5 Bc5 4. O-O d6 5. h3 Nf6 6. Re1 O-O 7. c3 a6 8. Ba4 b5
9. Bb3 Qe7 10. d4 Bb6 11. d5 Nb8 12. a4 bxa4 13. Bxa4 Bd7 14. b4 Qe8 15. Nbd2
Bxa4 16. Rxa4 Nbd7 17. Nc4 h6 18. Qc2 Qc8 19. Be3 Bxe3 20. Rxe3 Nb6 21. Nxb6 cxb6
22. Ra2 a5 23. bxa5 bxa5 24. Nd2 Qc7 25. Qa4 Ra7 26. Nc4 Rfa8 27. Kh2 Nd7 28.
Na3 Nc5 29. Qc2 Rb7 30. f3 Qd8 31. Re1 g6 32. g4 Rc8 33. Qd2 Kg7 34. Qe3 Rcb8
35. Nc4 Ra8 36. Rea1 Nb3 37. Rd1 Qc7 38. Na3 Rc8 39. c4 Nc5 40. Nb5 Qd8 41. Rda1
Ra8 42. Qc3 Rd7 43. Rxa5 Rxa5 44. Qxa5 Qf6 45. Qc3 Qf4+ 46. Kg2 h5 47. Qc1 Qf6
48. Ra3 hxg4 49. hxg4 Rd8 50. Ra7 Rh8 51. g5 Qd8 52. Kg3 Qc8 53. Qf1 Qd8 54. Qc1
Nd3 55. Qd2 Nf4 56. Qd1 Qxg5+ 57. Kf2 Rh2+ 58. Ke3 Nxd5+ 59. Kd3 Qe3# 0-1

[Event "Wielkopolska III Liga Juniorow 2016"]
[Site "Gniezno"]
[Date "1899-12-30"]
[Round "4.6"]
[White "Kubiak, Aleksandra"]
[Black "Kubasik, Aleksandra"]
[Result "1-0"]
[WhiteTitle "II"]
[BlackTitle "II"]
[WhiteElo "1267"]
[BlackElo "1153"]

1. e4 c5 2. Bc4 e6 3. Nc3 a6 4. a4 Qc7 5. d3 Nf6 6. f4 d6 7. Nf3 Nbd7 8. O-O Be7
9. Qe1 e5 10. f5 O-O 11. Qg3 Nh5 12. Qh3 Ndf6 13. g4 Nf4 14. Bxf4 exf4 15. g5
Ne8 16. Qg4 Kh8 17. Qxf4 Qd7 18. Nd5 Bd8 19. Kh1 b6 20. Qg3 Ra7 21. Nh4 a5 22.
Nf3 Nc7 23. Nxb6 Qe8 24. Nxc8 Ra8 25. Nxd6 Qd7 26. Ne5 Qe7 27. Ndxf7+ Kg8 28.
Nxd8+ Kh8 29. Ndf7+ Kg8 30. Nh6+ Kh8 31. Nef7+ Rxf7 32. Nxf7+ Kg8 33. Nd6+ Kf8
34. Nb5 Nxb5 35. Bxb5 Rd8 36. f6 gxf6 37. Rxf6+ Kg8 38. Bc4+ Kh8 39. Rf7 Qe8 40.
Raf1 h6 41. gxh6 Qxf7 42. Rxf7 Rxd3 43. Qg7# 1-0

[Event "Wielkopolska III Liga Juniorow 2016"]
[Site "Gniezno"]
[Date "1899-12-30"]
[Round "4.7"]
[White "Raczynski, Krzysztof"]
[Black "Ciesinska, Weronika"]
[Result "1-0"]
[WhiteTitle "I++"]
[BlackTitle "I"]
[WhiteElo "2088"]
[BlackElo "1697"]

1. e4 c5 2. Nf3 d6 3. d4 cxd4 4. Nxd4 g6 5. Nc3 Bg7 6. Be3 Nf6 7. Bc4 O-O 8. f3
Nc6 9. Qd2 Bd7 10. h4 Ne5 11. Bb3 Rc8 12. O-O-O Nc4 13. Bxc4 Rxc4 14. h5 Qb8 15.
hxg6 fxg6 16. Bh6 Rf7 17. Bxg7 Rxg7 18. g4 b5 19. g5 Ne8 20. f4 e6 21. f5 exf5
22. exf5 gxf5 23. Nd5 Qd8 24. Rhg1 Rc8 25. Rde1 Kh8 26. Nf4 Nc7 27. g6 Qf8 28.
gxh7 Qf7 29. Rxg7 Qxg7 30. Nf3 Ne8 31. Rg1 Qh6 32. Ng6+ Kxh7 33. Nf4 Ng7 34. Rg3
Kg8 35. Rh3 Qf6 36. Qg2 Bc6 37. Qf2 Bxf3 38. Qxf3 Qf7 39. Qh1 Qc4 40. Rh8+ Kf7
41. Rxc8 Qxc8 42. Qd5+ Ke7 43. Qd4 Ne6 44. Nd5+ Kd8 45. Qxa7 1-0

[Event "Wielkopolska III Liga Juniorow 2016"]
[Site "Gniezno"]
[Date "1899-12-30"]
[Round "4.8"]
[White "Kaluzny, Jan"]
[Black "Zurawski, Kamil"]
[Result "0-1"]
[WhiteTitle "II"]
[BlackTitle "I"]
[WhiteElo "1425"]
[BlackElo "1673"]

1. e4 c5 2. Nf3 Nc6 3. d4 cxd4 4. Nxd4 Nf6 5. Nc3 e5 6. Ndb5 d6 7. Bg5 a6 8. Bxf6
gxf6 9. Na3 b5 10. Nd5 f5 11. c3 fxe4 12. Bxb5 Bd7 13. Bxa6 Rxa6 14. Nb5 Ra7 15.
Nxa7 Nxa7 16. Qe2 Bg7 17. Qxe4 O-O 18. O-O Bc6 19. Rfd1 Kh8 20. Qc4 f5 21. Nb4
Be4 22. Qa6 Qg5 23. Qf1 Nc8 24. f3 Bb7 25. Nd5 Ne7 26. Nxe7 Qxe7 27. Qd3 Rf6 28.
a4 e4 29. fxe4 Bxe4 30. Qe2 Rg6 31. Qb5 Rxg2+ 32. Kf1 h6 33. Qb8+ Kh7 34. Re1
Qh4 35. Re2 Qf4+ 36. Ke1 Rg1# 0-1

[Event "Wielkopolska III Liga Juniorow 2016"]
[Site "Gniezno"]
[Date "1899-12-30"]
[Round "4.9"]
[White "Kaminski, Antoni"]
[Black "Lewandowski, Witold"]
[Result "1-0"]
[WhiteTitle "II"]
[BlackTitle "II"]
[WhiteElo "1537"]
[BlackElo "1416"]

1. e4 c5 2. Nc3 g6 3. f4 Nc6 4. Nf3 Bg7 5. Bc4 d6 6. O-O Nf6 7. d3 O-O 8. h3 a6
9. a4 b6 10. Qe1 Bb7 11. Qh4 e6 12. f5 exf5 13. exf5 d5 14. Bb3 Nb4 15. Bh6 Re8
16. Ng5 Rc8 17. fxg6 hxg6 18. Bxg7 Kxg7 19. Rxf6 Kxf6 20. Rf1+ Ke7 21. Nxf7+ Kd7
22. Nxd8 Rcxd8 23. Qh7+ Re7 24. Rf7 Rxf7 25. Qxf7+ Kc6 26. Qxg6+ Kc7 27. h4 Rd7
28. h5 Bc6 29. h6 Kb7 30. h7 Rxh7 31. Qxh7+ Kb8 32. Qg8+ Ka7 33. Bxd5 Nxd5 34.
Nxd5 Bb7 35. Qf7 a5 36. g4 Ka6 37. g5 Ka7 38. g6 Ka6 39. g7 Ka7 40. g8=Q Ka6 41.
Qgg7 Ka7 42. Qxb7# 1-0

[Event "Wielkopolska III Liga Juniorow 2016"]
[Site "Gniezno"]
[Date "1899-12-30"]
[Round "4.10"]
[White "Lesien, Tymoteusz"]
[Black "Lepski, Maksymilian"]
[Result "0-1"]
[WhiteTitle "II"]
[BlackTitle "II"]
[WhiteElo "1011"]
[BlackElo "1411"]

1. d4 Nf6 2. c4 g6 3. Nc3 Bg7 4. e3 O-O 5. Nf3 c5 6. Be2 cxd4 7. Nxd4 Nc6 8. Nf3
d6 9. O-O Qc7 10. b3 Ne4 11. Nxe4 Bxa1 12. Nd4 Bxd4 13. exd4 Qa5 14. Qd2 Qxd2
15. Bxd2 Nxd4 16. Bd3 Ne6 17. Ng5 Nxg5 18. Bxg5 f6 19. Bd2 e5 20. f4 f5 21. fxe5
dxe5 22. Re1 Rd8 23. Rxe5 Rxd3 24. Re8+ Kf7 25. Re2 Bd7 26. Kf2 Re8 27. Be1 Rxe2+
28. Kxe2 Rd6 29. Bg3 Ra6 30. a4 Rb6 31. Bf2 Rxb3 32. Bxa7 Bxa4 33. c5 Bc6 34.
Bb6 Rb2+ 35. Kd3 Rxg2 36. Ke3 g5 37. Kd4 f4 38. Kd3 f3 39. Ke3 f2 40. Ke2 Bb5+
41. Kf3 f1=Q+ 42. Ke4 Qf4+ 43. Kd5 Rd2# 0-1